LEADER 01220nam 2200373 450 001 9910293760403321 005 20240315123100.0 010 $a978-88-917-7179-7 100 $a20181203d2018----km y0itay50 ba 101 0 $aita 102 $aIT 105 $ay 001yy 200 1 $aCyberbullismo e traiettorie contemporanee della violenza$el'identitą psicosociale tra realtą e virtualitą$fa cura di Carmen Belacchi e Massimo Giuseppe Eusebio 210 $aMilano$cFrancoAngeli$d2018 215 $a169 p.$d20 cm 225 1 $aAdolescenza, educazione e affetti$v52 610 0 $aBullismo$aUso di internet 610 0 $aInternet$aAspetti sociali 676 $a302.3$v22$zita 700 1$aBelacchi,$bCarmen$0487053 701 1$aEusebio,$bMassimo Giuseppe$0749150 801 0$aIT$bUNINA$gREICAT$2UNIMARC 901 $aBK 912 $a9910293760403321 952 $a302.3 BEL 1$b5381$fbfs 952 $aXVII 1250$b2019/199$fFGBC 952 $a150.2840 BELC 01$b2020/382$fFLFBC 952 $aCollez. 3273 (52)$b907/2024$fFSPBC 959 $aFLFBC 959 $aBFS 959 $aFGBC 959 $aFSPBC 996 $aCyberbullismo e traiettorie contemporanee della violenza$91539688 997 $aUNINA